Psicología del Desarrollo adultez y vejez (Registro nro. 70647)
[ vista simple ]
| 000 -ENCABEZADO | |
|---|---|
| Número de control [NR] | 01147nam a2200301Ia 4500 |
| 008 - DE LONGITUD FIJA DE DATOS DE ELEMENTOS - INFORMACIÓN GENERAL | |
| Elementos de longitud fija [NR] | 130821s2009 sp ao gr spa |
| 020 ## - NUMERO INTERNACIONAL NORMALIZADO PARA LIBROS [R] | |
| Número Internacional Normalizado del libro [NR] | 9788498351934 |
| 040 ## - FUENTE DE CATALOGACION [NR] | |
| Agencia de catalogación original [NR] | Co-BoUCM |
| Idioma de catalogación [NR] | spa |
| 041 00 - CODIGO DE IDIOMA [R] | |
| Código de idioma para texto/pista de sonido o título separado [R] | Español |
| 060 00 - SIGNATURA TOPOGRAFICA DE LA BIBLIOTECA NACIONAL DE MEDICINA (NLM) [R] | |
| Número clasificador [R] | WT 150 |
| 100 1# - ASIENTO PRINCIPAL--NOMBRE PERSONAL [NR] | |
| Nombre personal [NR] | Berger, Kathleen Stassen |
| ID Autoridad | 65615 |
| 245 10 - MENCION DE TITULO [NR] | |
| Título [NR] | Psicología del Desarrollo adultez y vejez |
| Mención de responsabilidad, etc. [NR] | Kathleen Stassen Berger |
| 250 ## - MENCION DE EDICION [NR] | |
| Mención de edición [NR] | 7a ed. |
| 260 ## - PUBLICACION, DISTRIBUCION, ETC. (PIE DE IMPRENTA) [R] | |
| Lugar de publicación, distribución, etc. [R] | Madrid (España) |
| Nombre del editor, distribuidor, etc. [R] | Médica Panamericana |
| Fecha de publicación, distribución, etc. [R] | 2009 |
| 300 ## - DESCRIPCION FISICA [R] | |
| Extensión [R] | xix, 273 páginas |
| Otros detalles físicos [NR] | ilustraciones, fotografías, graficas, tablas, color |
| 504 ## - NOTA DE BIBLIOGRAFIA, ETC. [R] | |
| Nota de bibliografía, etc. [NR] | |
| 650 04 - ASIENTO SECUNDARIO DE MATERIA - TERMINO TEMATICO [R] | |
| Término temático o nombre geográfico como elemento de entrada [NR] | Ancianos |
| Subdivisión general [R] | Psicología |
| 9 (RLIN) | 9040 |
| 650 04 - ASIENTO SECUNDARIO DE MATERIA - TERMINO TEMATICO [R] | |
| Término temático o nombre geográfico como elemento de entrada [NR] | Emociones en la vejez |
| 9 (RLIN) | 14061 |
| 650 04 - ASIENTO SECUNDARIO DE MATERIA - TERMINO TEMATICO [R] | |
| Término temático o nombre geográfico como elemento de entrada [NR] | Geriatría |
| 9 (RLIN) | 16395 |
| 650 04 - ASIENTO SECUNDARIO DE MATERIA - TERMINO TEMATICO [R] | |
| Término temático o nombre geográfico como elemento de entrada [NR] | Psicoterapia geriátrica |
| 9 (RLIN) | 22886 |
| 650 04 - ASIENTO SECUNDARIO DE MATERIA - TERMINO TEMATICO [R] | |
| Término temático o nombre geográfico como elemento de entrada [NR] | Psiquiatría geriátrica |
| 9 (RLIN) | 22895 |
| 700 1# - ASIENTO SECUNDARIO - NOMBRE PERSONAL [R] | |
| Nombre personal [NR] | Barni, María Cecilia |
| Término de relación [R] | |
| 9 (RLIN) | 167731 |
| 700 1# - ASIENTO SECUNDARIO - NOMBRE PERSONAL [R] | |
| Nombre personal [NR] | Latrónico, Adriana |
| Término de relación [R] | |
| 9 (RLIN) | 154543 |
| 700 1# - ASIENTO SECUNDARIO - NOMBRE PERSONAL [R] | |
| Nombre personal [NR] | Mesher, Liliana |
| Término de relación [R] | |
| 9 (RLIN) | 167732 |
| 700 1# - ASIENTO SECUNDARIO - NOMBRE PERSONAL [R] | |
| Nombre personal [NR] | Scolari, Mariano |
| Término de relación [R] | |
| 9 (RLIN) | 167733 |
| 765 ## - ASIENTO DE IDIOMA ORIGINAL [R] | |
| Título [NR] | The Developing Person. Through the Life Span |
| 942 ## - ELEMENTOS DE ENTRADA AGREGADOS (KOHA) | |
| Tipo de ítem principal el descrito en 300a | Libro |
| Tema principal | Psicología |
| Edición | 7 |
| Parte restante de la signatura top. | B496p |
| Sistema de clasificación | NLM |
| Clasificación | WT 150 |
| Título oculto en OPAC | No |
| Fecha de último préstamo | Total préstamos | Total Renewals | Signatura topográfica | Código de barras | Última vez visto | Volúmen / Fascículo | Ejemplar | Price effective from | Tipo de ítem | Perdido | Sistema de clasificación | Dañado | No prestable | Tipo de ítem específico | Suprimido | Ubicación habitual | Ubicación actual | Localización | Fecha de creación | Forma de adquisición | Costo |
|---|---|---|---|---|---|---|---|---|---|---|---|---|---|---|---|---|---|---|---|---|---|
| 11/04/2018 | 46 | 10 | WT 150 B496p | 200020975 | 12/12/2025 | 7a. Ed. | Ej.1 | 03/02/2013 | Libro | NLM | Libro | Quinta de Mutis | Quinta de Mutis | 2do piso | 30/09/2011 | Donación | 26000.00 |